| 000 | 01571cam a2200445 a 4500 | ||
|---|---|---|---|
| 001 | 2404 | ||
| 003 | FISKH | ||
| 005 | 20231205114740.0 | ||
| 008 | 020701s2001 enk c 000 1 eng | ||
| 010 | _a 2002405923 | ||
| 015 | _aGBA2-33355 | ||
| 020 | _a0333947401 | ||
| 020 | _a9781447265689 | ||
| 035 | _a(OCoLC)ocm49785931 | ||
| 040 |
_aUKM _cUKM _dDLC _beng |
||
| 042 |
_alcac _alccopycat |
||
| 050 | 0 | 0 |
_aPZ7.I11555 _bJo 2001a |
| 082 | 0 | 0 |
_a[Fic] _222 |
| 100 | 1 | _aIbbotson, Eva. | |
| 245 | 1 | 0 |
_aJourney to the river sea / _cEva Ibbotson ; With a foreword by Michael Morpurgo |
| 250 | _aThis edition published in 2014 | ||
| 260 |
_aLondon : _bMacmillan Children's Books, _c2001. |
||
| 300 |
_a292, 12 pages ; _c20 cm |
||
| 505 | _aW | ||
| 520 | _aSent with her governess to live with the dreadful Carter family in exotic Brazil in 1910, Maia endures many hardships before fulfilling her dream of exploring the Amazon River. | ||
| 521 | 8 |
_a860
_bLexile |
|
| 521 | 8 |
_aW
_bRaz-Plus |
|
| 650 | 0 |
_aOrphans _zAmazon River Region _vJuvenile fiction. |
|
| 650 | 1 |
_aOrphans _vFiction. |
|
| 650 | 1 |
_aGovernesses _vFiction. |
|
| 650 | 1 |
_aInterpersonal relations _vFiction. |
|
| 650 | 1 |
_aAdventure and adventurers _vFiction. |
|
| 651 | 1 |
_aAmazon River Region _vFiction. |
|
| 651 | 1 |
_aManaus (Brazil) _xHistory _y20th century _vFiction. |
|
| 651 | 1 |
_aBrazil _xHistory _y1889-1930 _vFiction. |
|
| 655 | 7 |
_aAdventure stories. _2gsafd |
|
| 655 | 7 |
_aChildren's stories. _2lcsh |
|
| 906 |
_a7 _bcbc _ccopycat _d2 _encip _f20 _gy-gencatlg |
||
| 942 |
_2ddc _cBK _n0 |
||
| 999 |
_c2404 _d2404 |
||